000 01473nam a2200313Ia 4500
001 ebr10070404
003 CaPaEBR
006 m u
007 cr cn|||||||||
008 040614s2004 cau s 001 0 eng d
010 _z 2004013809
020 _z1593270496
040 _aCaPaEBR
_cCaPaEBR
035 _a(OCoLC)70748025
050 1 4 _aTK5105.543
_b.L83 2004eb
082 0 4 _a004.6/2
_222
100 1 _aLucas, Michael,
_d1967-
245 1 0 _aCisco routers for the desperate
_h[electronic resource] :
_brouter management, the easy way /
_cby Michael W. Lucas.
260 _aSan Francisco :
_bNo Starch Press,
_c2004.
300 _axii, 129 p.
500 _aIncludes index.
505 0 _aIntroduction -- Befriending the command line -- Router configuration -- Router interfaces -- ISP connections -- Troubleshooting routers -- Private connections -- IOS changes -- Multihoming -- Logins, authentication, and remote access -- Other Cisco services -- Securing network services -- Appendix A: IP address masks -- Index.
533 _aElectronic reproduction.
_bPalo Alto, Calif. :
_cebrary,
_d2009.
_nAvailable via World Wide Web.
_nAccess may be limited to ebrary affiliated libraries.
630 0 0 _aCisco IOS.
650 0 _aRouters (Computer networks)
655 7 _aElectronic books.
_2local
710 2 _aebrary, Inc.
856 4 0 _uhttp://site.ebrary.com/lib/rucke/Doc?id=10070404
_zAn electronic book accessible through the World Wide Web; click to view
999 _c30643
_d30643